Bored and brilliant : (Record no. 738)

MARC details
000 -LEADER
fixed length control field 00561nam a22001937a 4500
005 - DATE AND TIME OF LATEST TRANSACTION
control field 20231103082342.0
008 - FIXED-LENGTH DATA ELEMENTS--GENERAL INFORMATION
fixed length control field 231103b |||||||| |||| 00| 0 eng d
020 ## - INTERNATIONAL STANDARD BOOK NUMBER
International Standard Book Number 9781509897339
040 ## - CATALOGING SOURCE
Original cataloging agency KMU
Transcribing agency KMU
Modifying agency KMU
Description conventions rda
050 ## - LIBRARY OF CONGRESS CALL NUMBER
Classification number BF 575.B67 Zom
100 ## - MAIN ENTRY--PERSONAL NAME
Personal name Zomorodi, Manoush
245 ## - TITLE STATEMENT
Title Bored and brilliant :
Remainder of title how time doing nothing changes everything /
Statement of responsibility, etc. Zomorodi, Manoush
260 ## - PUBLICATION, DISTRIBUTION, ETC.
Place of publication, distribution, etc. UK :
Name of publisher, distributor, etc. Macmillan,
Date of publication, distribution, etc. 2017.
300 ## - PHYSICAL DESCRIPTION
Extent 192 cm :
Dimensions 23 cm.
650 ## - SUBJECT ADDED ENTRY--TOPICAL TERM
Topical term or geographic name entry element Boredom.
650 ## - SUBJECT ADDED ENTRY--TOPICAL TERM
Topical term or geographic name entry element Creative ability.
650 ## - SUBJECT ADDED ENTRY--TOPICAL TERM
Topical term or geographic name entry element Labor productivity.
942 ## - ADDED ENTRY ELEMENTS (KOHA)
Source of classification or shelving scheme Library of Congress Classification
Koha item type Fiction
Suppress in OPAC No
Holdings
Withdrawn status Lost status Source of classification or shelving scheme Damaged status Not for loan Collection Home library Current library Shelving location Date acquired Source of acquisition Total Checkouts Total Renewals Full call number Barcode Date last seen Date last checked out Price effective from Koha item type
    Library of Congress Classification     Fiction Kapasa Makasa University Kapasa Makasa University Open Access 03.11.2023 Zambia Library Service 2 3 BF 575.B67 Zom 300578 09.10.2024 02.09.2024 03.11.2023 Fiction
    Library of Congress Classification     Fiction Kapasa Makasa University Kapasa Makasa University Open Access 03.11.2023 Zambia Library Service 4   BF 575.B67 Zom 300577 30.04.2026 16.04.2026 03.11.2023 Fiction
    Library of Congress Classification     Fiction Kapasa Makasa University Kapasa Makasa University Open Access 03.11.2023 Zambia Library Service 2   BF 575.B67 Zom 300576 05.08.2025 11.07.2025 03.11.2023 Fiction
    Library of Congress Classification     Fiction Kapasa Makasa University Kapasa Makasa University Open Access 03.11.2023 Zambia Library Service 2   BF 575.B67 Zom 300575 26.09.2025 11.09.2025 03.11.2023 Fiction